|
|
|
|
| LEADER |
01883nam a2200553 i 4500 |
| 001 |
nkc20162813918 |
| 003 |
CZ PrNK |
| 005 |
20161103090135.0 |
| 007 |
ta |
| 008 |
160725t20162016xr cf e 000 0acze |
| 015 |
|
|
|a cnb002813918
|
| 020 |
|
|
|a 978-80-270-0208-5
|q (vázáno)
|
| 035 |
|
|
|a (OCoLC)962340348
|
| 040 |
|
|
|a BOA001
|b cze
|d ABA001
|e rda
|
| 043 |
|
|
|a e-xr---
|
| 045 |
|
|
|a x-y-
|
| 072 |
|
7 |
|a 796
|x Sport. Hry. Tělesná cvičení
|2 Konspekt
|9 20
|
| 072 |
|
7 |
|a 929
|x Biografie
|2 Konspekt
|9 8
|
| 080 |
|
|
|a 796.344.071.2
|2 MRF
|
| 080 |
|
|
|a 929
|2 MRF
|
| 080 |
|
|
|a 796.344
|2 MRF
|
| 080 |
|
|
|a (437.3)
|2 MRF
|
| 080 |
|
|
|a (0:82-94)
|2 MRF
|
| 100 |
1 |
|
|a Koukal, Petr,
|d 1985-
|7 mzk2010590316
|4 aut
|
| 245 |
1 |
0 |
|a Jsem /
|c Petr Koukal, Martin Moravec
|
| 246 |
3 |
|
|a Koukal jsem
|
| 246 |
1 |
8 |
|a Jsem Koukal
|
| 250 |
|
|
|a Vydání první
|
| 264 |
|
1 |
|a [Hořovice] :
|b Koukal,
|c [2016]
|
| 264 |
|
4 |
|c ©2016
|
| 300 |
|
|
|a 287 stran, 16 nečíslovaných stran obrazových příloh :
|b portréty (převážně barevné) ;
|c 22 cm
|
| 336 |
|
|
|a text
|b txt
|2 rdacontent
|
| 337 |
|
|
|a bez média
|b n
|2 rdamedia
|
| 338 |
|
|
|a svazek
|b nc
|2 rdacarrier
|
| 600 |
1 |
7 |
|a Koukal, Petr,
|d 1985-
|7 mzk2010590316
|2 czenas
|
| 648 |
|
7 |
|a 20.-21. století
|7 ch462155
|2 czenas
|
| 650 |
0 |
7 |
|a badmintonisté
|7 ph931220
|z Česko
|y 20.-21. století
|2 czenas
|
| 650 |
0 |
7 |
|a badminton
|7 ph114111
|2 czenas
|
| 650 |
0 |
9 |
|a badminton players
|z Czechia
|y 20th-21st centuries
|2 eczenas
|
| 650 |
0 |
9 |
|a badminton
|2 eczenas
|
| 655 |
|
7 |
|a autobiografické vzpomínky
|7 fd131854
|2 czenas
|
| 655 |
|
9 |
|a autobiographical reminiscences
|2 eczenas
|
| 700 |
1 |
|
|a Moravec, Martin,
|d 1981-
|7 xx0067868
|4 aut
|
| 910 |
2 |
|
|a BOA001
|b 2-1376.002
|
| 928 |
9 |
|
|a Petr Koukal
|
| 990 |
|
|
|a BK
|
| 995 |
|
|
|a 01
|
| 991 |
|
|
|b 201610
|c NOV
|
| 996 |
6 |
|
|b 2610683928
|c 2-1376.002
|l MZK
|r Sklad / do 1 hodiny
|n 0
|p p.v.
|w 001581612
|u 000010
|a 1
|e BOA001
|j MZK50
|s P
|